Statistics for Fast typing by fives

Click here to take the quiz!

General Stats

  • This quiz has been taken 143 times
  • The average score is 15 of 20

Answer Stats

Answer80% Correct
5
99%
10
96%
15
95%
20
95%
25
93%
30
93%
35
93%
40
92%
45
90%
50
88%
55
88%
60
82%
65
75%
70
68%
75
66%
80
55%
85
51%
90
47%
95
36%
100
34%

Score Distribution

Percentile by Number Answered

Percent of People with Each Score

Your Score History

You have not taken this quiz